[Event "EU Small Countries ol"]
[Site "Andorra"]
[Date "2009.06.21"]
[Round "1"]
[White "Borg, Andrew"]
[Black "Ziska, Helgi Dam"]
[Result "0-1"]
[WhiteElo "2103"]
[BlackElo "2422"]
[PlyCount "66"]
[EventDate "2009.06.21"]
[EventType "team"]
[EventRounds "9"]
[EventCountry "AND"]
[SourceTitle "CBM 130 Extra"]
[Source "ChessBase"]
[SourceDate "2009.07.02"]
[SourceVersion "2"]
[SourceVersionDate "2009.07.15"]
[SourceQuality "1"]

1. Nf3 Nf6 2. c4 g6 3. Nc3 Bg7 4. e4 d6 5. d4 0-0 6. h3 e5 7. d5 Na6 8. Bg5 h6 9. Be3 Nc5 10. Nd2 a5 11. a3 Nfd7 12. b4 axb4 13. axb4 Rxa1 14. Qxa1 Na6 15. Qa3 f5 16. Nb3 Nf6 17. Be2 Rf7 18. 0-0 f4 19. Bd2 Bf8 20. Re1 g5 21. f3 h5 22. c5 dxc5 23. bxc5 g4 24. hxg4 hxg4 25. Bxa6 bxa6 26. Kf2 Rh7 27. Rg1 Nh5 28. Ke2 Qh4 29. Qc1 Qh2 30. Kd3 Ng3 31. Qe1 a5 32. Kc2 Ba6 33. Kc1 a4 0-1

[Event "Olympiad-38"]
[Site "Dresden"]
[Date "2008.11.23"]
[Round "10"]
[White "Borg, Andrew"]
[Black "Wijesurija, G Laxman"]
[Result "1/2-1/2"]
[WhiteElo "2112"]
[BlackElo "2075"]
[PlyCount "141"]
[EventDate "2008.11.13"]
[EventType "team-swiss"]
[EventRounds "11"]
[EventCountry "GER"]
[SourceTitle "CBM 128"]
[Source "ChessBase"]
[SourceDate "2009.01.28"]
[SourceVersion "1"]
[SourceVersionDate "2009.01.28"]
[SourceQuality "1"]
[WhiteTeam "Malta"]
[BlackTeam "Sri Lanka"]
[WhiteTeamCountry "MLT"]
[BlackTeamCountry "SRI"]

1. Nf3 d5 2. d4 Nf6 3. c4 e6 4. g3 c6 5. Qc2 Bd6 6. Bg2 0-0 7. 0-0 Ne4 8. Nbd2 f5 9. b3 Nd7 10. Bb2 Ndf6 11. Rad1 Qe8 12. Ne5 Qh5 13. Ndf3 Ng4 14. h3 Nh6 15. Bc1 g5 16. h4 g4 17. Ng5 Bxe5 18. dxe5 Nf7 19. Nxf7 Rxf7 20. Bf4 h6 21. Qc1 Qg6 22. Bxh6 Nc3 23. Qxc3 Qxh6 24. e3 Bd7 25. Qb4 Be8 26. Qc3 Qg7 27. Qd4 dxc4 28. bxc4 Rd7 29. Qb2 Rad8 30. Rxd7 Qxd7 31. Rb1 b6 32. Bf1 c5 33. Bg2 Qa4 34. Qb3 Rd2 35. a3 Qa5 36. e4 Re2 37. exf5 Qd2 38. Rf1 exf5 39. Qb1 Rxe5 40. Rd1 Qe2 41. Qc1 Kh7 42. Rf1 Bf7 43. Qg5 Qxc4 44. Rd1 Qe6 45. Rd8 c4 46. h5 Qe7 47. Qd2 Be8 48. Rd6 c3 49. Qh6+ Kg8 50. Kh2 Bf7 51. Rc6 Rc5 52. Rxc5 bxc5 53. Qc1 Qf6 54. Qe3 Bxh5 55. Qxc5 Bf7 56. Bd5 Bxd5 57. Qxd5+ Kg7 58. Qd7+ Kf8 59. Qc8+ Kf7 60. Qd7+ Kg6 61. Qe8+ Kh6 62. Qe3+ Kh5 63. Qxa7 c2 64. Qc7 Qb2 65. Qh7+ Kg5 66. Qg8+ Kh6 67. Qe6+ Kg7 68. Qe7+ Kg8 69. Qe8+ Kh7 70. Qf7+ Kh6 71. Qe6+ 1/2-1/2

[Event "Gibraltar Masters 6th"]
[Site "Gibraltar"]
[Date "2008.01.27"]
[Round "6"]
[White "Borg, Andrew"]
[Black "Hickman, John"]
[Result "1-0"]
[WhiteElo "2127"]
[BlackElo "2009"]
[PlyCount "80"]
[EventDate "2008.01.22"]
[EventType "swiss"]
[EventRounds "10"]
[EventCountry "ENG"]
[SourceTitle "CBM 122 Extra"]
[Source "ChessBase"]
[SourceDate "2008.03.04"]
[SourceVersion "1"]
[SourceVersionDate "2008.03.04"]
[SourceQuality "1"]

1. Nf3 d6 2. d4 g6 3. c4 Bg7 4. Nc3 Nd7 5. e4 e5 6. Be2 Ngf6 7. d5 Nc5 8. Qc2 a5 9. h3 0-0 10. g4 c6 11. Bg5 Qb6 12. Nd2 a4 13. Rg1 Qb4 14. f3 Bd7 15. Kf1 Kh8 16. Kg2 Ng8 17. h4 Bh6 18. Bxh6 Nxh6 19. h5 g5 20. Nf1 a3 21. b3 Ng8 22. Rc1 h6 23. Ne3 Na6 24. dxc6 bxc6 25. Rgd1 Nf6 26. Qd2 Ne8 27. Bd3 Nc5 28. Nc2 Qb7 29. b4 Ne6 30. Bf1 Nf4+ 31. Kh2 f5 32. exf5 d5 33. cxd5 cxd5 34. Nxd5 Nxh5 35. gxh5 Rxf5 36. Nce3 Rxf3 37. Bg2 e4 38. Bxf3 exf3 39. Qd4+ Ng7 40. Rc7 Qb8 1-0

[Event "Hoogeveen Essent op"]
[Site "Hoogeveen"]
[Date "2007.10.19"]
[Round "8"]
[White "Vuilleumier, Alexandre"]
[Black "Borg, Andrew"]
[Result "1/2-1/2"]
[WhiteElo "2315"]
[BlackElo "2116"]
[PlyCount "202"]
[EventDate "2007.10.12"]
[EventType "swiss"]
[EventRounds "9"]
[EventCountry "NED"]
[SourceTitle "CBM 120 Extra"]
[Source "ChessBase"]
[SourceDate "2007.11.01"]
[SourceVersion "1"]
[SourceVersionDate "2007.11.01"]
[SourceQuality "1"]

1. e4 c6 2. d4 d5 3. Nc3 dxe4 4. Nxe4 Bf5 5. Ng3 Bg6 6. h4 h6 7. Nf3 Nf6 8. h5 Bh7 9. Bd3 Bxd3 10. Qxd3 e6 11. Bf4 Bd6 12. Ne5 Qc7 13. Ne4 Nxe4 14. Qxe4 Nd7 15. 0-0-0 0-0-0 16. Kb1 Nxe5 17. dxe5 Bc5 18. f3 Rxd1+ 19. Rxd1 Rd8 20. Rd3 Rxd3 21. Qxd3 Qd8 22. Qe2 Qd4 23. Bc1 Qf2 24. Qxf2 Bxf2 25. g4 Kd7 26. c4 Ke7 27. Kc2 Bg3 28. f4 f6 29. exf6+ Kxf6 30. Be3 e5 31. g5+ Kf5 32. gxh6 gxh6 33. fxe5 Bxe5 34. Bxh6 Kg4 35. Be3 Kxh5 36. Bxa7 Kg6 37. b3 Kf7 38. Kd3 Ke6 39. Bd4 Bh2 40. Ke4 Kd7 41. Be5 Bg1 42. Bd4 Bh2 43. Be3 Bd6 44. Bb6 Bb4 45. Kd4 Be1 46. Ke5 Bg3+ 47. Ke4 Bd6 48. Kd4 Bh2 49. Kc3 Bg3 50. Kb4 Be1+ 51. Ka4 Bd2 52. Ba5 Be3 53. Bc3 b6 54. Be5 Kc8 55. Bd6 Kb7 56. Kb4 Bd2+ 57. Ka3 Bc1+ 58. Ka4 Bd2 59. Bb4 Bc1 60. Ba3 Bd2 61. Bb4 Bc1 62. Bc3 Be3 63. Be1 Bf4 64. Kb4 Be3 65. Kc3 Bg1 66. Kd3 Bc5 67. Bc3 Bf2 68. Bd4 Be1 69. Ke4 Bb4 70. Ke5 Be1 71. Kd6 Bg3+ 72. Kd7 Be1 73. a4 Bb4 74. Be3 c5 75. Kd6 Ba3 76. Bd2 Bb2 77. Kd5 Ba3 78. Bc3 Bc1 79. Be1 Be3 80. Bh4 Bg1 81. Be7 Bf2 82. Bf8 Be3 83. Bd6 Bf2 84. Bf8 Be3 85. a5 Bf2 86. Be7 Be3 87. Ke4 Bf2 88. Bg5 Be1 89. axb6 Kxb6 90. Kd5 Bf2 91. Bd2 Bg1 92. Bg5 Bf2 93. Bd8+ Kb7 94. Ba5 Ka6 95. Be1 Bxe1 96. Kxc5 Ka5 97. Kd6 Kb4 98. c5 Kxb3 99. c6 Bg3+ 100. Kd7 Kb4 101. c7 Bxc7 1/2-1/2

[Event "Hoogeveen Essent op"]
[Site "Hoogeveen"]
[Date "2007.10.18"]
[Round "7"]
[White "Borg, Andrew"]
[Black "Hoffman, Ron"]
[Result "1-0"]
[WhiteElo "2116"]
[BlackElo "2158"]
[PlyCount "71"]
[EventDate "2007.10.12"]
[EventType "swiss"]
[EventRounds "9"]
[EventCountry "NED"]
[SourceTitle "CBM 120 Extra"]
[Source "ChessBase"]
[SourceDate "2007.11.01"]
[SourceVersion "1"]
[SourceVersionDate "2007.11.01"]
[SourceQuality "1"]

1. Nf3 g6 2. d4 Bg7 3. c4 Nf6 4. Nc3 0-0 5. e4 d6 6. h3 e5 7. d5 Na6 8. Bg5 Qe8 9. g4 Nd7 10. Rg1 Kh8 11. a3 f5 12. Be3 Ndc5 13. b4 Nxe4 14. Nxe4 fxe4 15. Nd2 Rf4 16. Bg2 c6 17. Nxe4 cxd5 18. cxd5 Qe7 19. Rc1 Bd7 20. Qd3 Raf8 21. Bxf4 exf4 22. Bf3 Nb8 23. Kf1 a6 24. Kg2 Bb5 25. Qc2 Nd7 26. a4 Bxa4 27. Qxa4 Ne5 28. Qd1 h5 29. Qc2 Re8 30. Rce1 Qh4 31. Qd1 Rc8 32. Nxd6 Rc1 33. Qxc1 Nxf3 34. Kxf3 Qxh3+ 35. Ke4 hxg4 36. Rh1 1-0

[Event "Hoogeveen Essent op"]
[Site "Hoogeveen"]
[Date "2007.10.15"]
[Round "4"]
[White "Borg, Andrew"]
[Black "Van Kooten, Luuk"]
[Result "1/2-1/2"]
[WhiteElo "2116"]
[BlackElo "2283"]
[PlyCount "55"]
[EventDate "2007.10.12"]
[EventType "swiss"]
[EventRounds "9"]
[EventCountry "NED"]
[SourceTitle "CBM 120 Extra"]
[Source "ChessBase"]
[SourceDate "2007.11.01"]
[SourceVersion "1"]
[SourceVersionDate "2007.11.01"]
[SourceQuality "1"]

1. Nf3 Nf6 2. c4 g6 3. Nc3 d5 4. cxd5 Nxd5 5. g3 Bg7 6. Bg2 0-0 7. 0-0 Nc6 8. d4 Nb6 9. e3 Re8 10. h3 a5 11. b3 a4 12. Nxa4 Nxa4 13. bxa4 Na5 14. Ba3 Nc4 15. Bb4 Nb2 16. Qb3 Nxa4 17. Rad1 Be6 18. d5 Bd7 19. Rd2 Qc8 20. h4 h6 21. Rc1 Qb8 22. Nd4 Be5 23. f4 Bd6 24. e4 Qa7 25. Kh2 Qb6 26. Bxd6 exd6 27. Qxb6 cxb6 28. Nb3 1/2-1/2

[Event "Politiken Cup 29th"]
[Site "Copenhagen"]
[Date "2007.07.25"]
[Round "6"]
[White "Borg, Andrew"]
[Black "Van Eijk, Sander"]
[Result "1/2-1/2"]
[WhiteElo "2102"]
[BlackElo "2274"]
[PlyCount "90"]
[EventDate "2007.07.21"]
[EventType "swiss"]
[EventRounds "10"]
[EventCountry "DEN"]
[SourceTitle "CBM 119 Extra"]
[Source "ChessBase"]
[SourceDate "2007.09.04"]
[SourceVersion "1"]
[SourceVersionDate "2007.09.04"]
[SourceQuality "1"]

1. Nf3 c5 2. c4 Nf6 3. Nc3 e6 4. g3 a6 5. Bg2 Be7 6. 0-0 0-0 7. e3 Qc7 8. Qe2 d6 9. b3 Nbd7 10. Bb2 b6 11. d4 Bb7 12. e4 Rfe8 13. Rac1 Rac8 14. h3 Bf8 15. Qc2 Qb8 16. Qb1 b5 17. d5 Nb6 18. Nd2 b4 19. Nd1 e5 20. Ne3 Rcd8 21. Qd3 a5 22. Kh2 a4 23. Rg1 a3 24. Ba1 Nfd7 25. Nf5 g6 26. Ne3 Bg7 27. Rcf1 Rf8 28. Rh1 Bc8 29. Bf3 f6 30. h4 Kf7 31. h5 Rh8 32. Kg2 Qc7 33. Bg4 Nb8 34. Be2 Qe7 35. Bf3 Ke8 36. h6 Bf8 37. Bg4 Qc7 38. f4 Be7 39. Qe2 Bxg4 40. Qxg4 Qc8 41. Qe2 Kd7 42. Kf2 Kc7 43. Ke1 Rdf8 44. Kd1 Kb7 45. Qh2 N8d7 1/2-1/2

[Event "Politiken Cup 29th"]
[Site "Copenhagen"]
[Date "2007.07.22"]
[Round "3"]
[White "Andersen, Harry"]
[Black "Borg, Andrew"]
[Result "0-1"]
[WhiteElo "1912"]
[BlackElo "2102"]
[PlyCount "69"]
[EventDate "2007.07.21"]
[EventType "swiss"]
[EventRounds "10"]
[EventCountry "DEN"]
[SourceTitle "CBM 119 Extra"]
[Source "ChessBase"]
[SourceDate "2007.09.04"]
[SourceVersion "1"]
[SourceVersionDate "2007.09.04"]
[SourceQuality "1"]

1. e4 c6 2. d4 d5 3. e5 c5 4. c3 Nc6 5. Be3 Qb6 6. Na3 c4 7. Rb1 Bf5 8. Nc2 Qa5 9. a3 e6 10. g4 Be4 11. f3 Bg6 12. Ne2 f6 13. f4 Nge7 14. Ng3 Qb6 15. f5 exf5 16. Bxc4 f4 17. Bxf4 dxc4 18. exf6 gxf6 19. 0-0 Bd3 20. Rf2 0-0-0 21. b3 Qa6 22. Qe1 Nd5 23. Qe6+ Rd7 24. bxc4 Nxf4 25. Rxf4 Bxc2 26. Rb5 Nd8 27. Qe2 Bh6 28. Rc5+ Kb8 29. Qf2 Bxf4 30. Qxf4+ Qd6 31. Qf2 Bg6 32. Rd5 Qe7 33. Qf4+ Rc7 34. c5 Ne6 35. Qf2 0-1

[Event "Mediterranean-ch 4th"]
[Site "Cannes"]
[Date "2007.02.24"]
[Round "8"]
[White "Messina, Roberta"]
[Black "Borg, Andrew"]
[Result "0-1"]
[WhiteElo "1834"]
[BlackElo "2105"]
[PlyCount "106"]
[EventDate "2007.02.18"]
[EventType "swiss"]
[EventRounds "9"]
[EventCountry "FRA"]
[SourceTitle "CBM 116 Extra"]
[Source "ChessBase"]
[SourceDate "2007.03.07"]
[SourceVersion "1"]
[SourceVersionDate "2007.03.07"]
[SourceQuality "1"]

1. e4 c5 2. Nf3 g6 3. d4 Bg7 4. Nc3 cxd4 5. Nxd4 Nc6 6. Be3 Nf6 7. Be2 0-0 8. 0-0 d5 9. exd5 Nb4 10. d6 Qxd6 11. Ndb5 Qb8 12. Bc5 Nc6 13. Bf3 a6 14. Bxc6 bxc6 15. Nd4 Qc7 16. Re1 Re8 17. Qf3 Bb7 18. Rad1 Nd7 19. Nb3 Ne5 20. Qg3 Rac8 21. h4 Nc4 22. Qxc7 Rxc7 23. Re4 Nxb2 24. Re3 Nxd1 25. Nxd1 Rd7 26. Nc3 Bf8 27. Ne4 Rd1+ 28. Kh2 Red8 29. Bb6 R8d5 30. Nc3 e6 31. Nxd1 Bd6+ 32. g3 Rxd1 33. Na5 Ba8 34. Nc4 Be7 35. Rd3 Rxd3 36. cxd3 Kf8 37. Kg1 c5 38. Kf1 Bd5 39. Ke2 f6 40. Ke3 Ke8 41. a3 Kd7 42. Kf4 Kc6 43. Ba5 Kb5 44. Bd2 Bxc4 45. dxc4+ Kxc4 46. g4 Kd3 47. Be3 c4 48. g5 Bd6+ 49. Kg4 f5+ 50. Kf3 e5 51. Bc1 e4+ 52. Kg2 f4 53. Kf1 Kc2 0-1

[Event "Mediterranean-ch 4th"]
[Site "Cannes"]
[Date "2007.02.20"]
[Round "4"]
[White "Borg, Andrew"]
[Black "Drljevic, Ljilja"]
[Result "0-1"]
[WhiteElo "2105"]
[BlackElo "2243"]
[PlyCount "90"]
[EventDate "2007.02.18"]
[EventType "swiss"]
[EventRounds "9"]
[EventCountry "FRA"]
[SourceTitle "CBM 116 Extra"]
[Source "ChessBase"]
[SourceDate "2007.03.07"]
[SourceVersion "1"]
[SourceVersionDate "2007.03.07"]
[SourceQuality "1"]

1. Nf3 Nf6 2. c4 d6 3. d4 Nbd7 4. Nc3 e5 5. Bg5 Be7 6. e3 h6 7. Bh4 0-0 8. Qc2 c6 9. Bd3 Re8 10. 0-0-0 Qa5 11. Kb1 a6 12. Rhg1 b5 13. dxe5 dxe5 14. Bxf6 Nxf6 15. Nxe5 bxc4 16. Nxc4 Qb4 17. Qa4 a5 18. Qxb4 axb4 19. Ne4 Be6 20. Nxf6+ Bxf6 21. b3 Ra7 22. Rge1 Bc3 23. Re2 Rea8 24. Rc2 g6 25. f3 Rd8 26. Be2 Re8 27. Rd3 Kg7 28. g4 f5 29. h3 Bd5 30. gxf5 gxf5 31. a4 Kf6 32. Rdxc3 bxc3 33. Rxc3 Rb8 34. Kc2 Kg5 35. f4+ Kh4 36. Ne5 Be4+ 37. Kd2 Kxh3 38. Ke1 Rab7 39. Bc4 Kg2 40. Bf1+ Kg3 41. Bc4 h5 42. a5 h4 43. a6 h3 44. Kd2 h2 45. Rc1 Ra7 0-1

[Event "Izmir op 5th"]
[Site "Izmir"]
[Date "2006.08.16"]
[Round "7"]
[White "Shanava, Konstantine"]
[Black "Borg, Andrew"]
[Result "1-0"]
[WhiteElo "2490"]
[BlackElo "2116"]
[PlyCount "85"]
[EventDate "2006.09.10"]
[EventType "swiss"]
[EventRounds "10"]
[EventCountry "TUR"]
[SourceTitle "EXT 2007"]
[Source "ChessBase"]
[SourceDate "2006.11.23"]
[SourceVersion "1"]
[SourceVersionDate "2006.11.23"]
[SourceQuality "1"]

1. e4 c6 2. Nc3 d5 3. Nf3 Bg4 4. h3 Bxf3 5. Qxf3 e6 6. g3 Nf6 7. Bg2 dxe4 8. Qe2 Nbd7 9. 0-0 Be7 10. Nxe4 Nxe4 11. Qxe4 0-0 12. d3 Nf6 13. Qe2 Qd7 14. Bd2 Rfd8 15. Rae1 Nd5 16. h4 Nb4 17. Be3 Nd5 18. Bc1 Bf6 19. h5 h6 20. c3 Rac8 21. f4 Re8 22. Qg4 Be7 23. Qf3 f5 24. g4 fxg4 25. Qxg4 Nf6 26. Qg6 Bf8 27. Rf3 Qf7 28. Bh3 Rc7 29. Rfe3 Rce7 30. Re5 Kh8 31. d4 Nd5 32. Bxe6 Qxg6+ 33. hxg6 Nc7 34. Bf7 Rxe5 35. dxe5 Rd8 36. Kg2 Be7 37. f5 Nd5 38. Kf3 b5 39. Rh1 a5 40. Bxh6 gxh6 41. Rxh6+ Kg7 42. Rh7+ Kf8 43. Be6 1-0

[Event "Olympiad-37"]
[Site "Turin"]
[Date "2006.05.25"]
[Round "5"]
[White "Montesinos, Jorge"]
[Black "Borg, Andrew"]
[Result "0-1"]
[WhiteElo "2057"]
[BlackElo "2126"]
[PlyCount "157"]
[EventDate "2006.05.21"]
[EventType "team-swiss"]
[EventRounds "13"]
[EventCountry "ITA"]
[SourceTitle "CBM 113"]
[Source "ChessBase"]
[SourceDate "2006.07.31"]
[SourceVersion "1"]
[SourceVersionDate "2006.07.31"]
[SourceQuality "1"]
[WhiteTeam "Honduras"]
[BlackTeam "Malta"]
[WhiteTeamCountry "HON"]
[BlackTeamCountry "MLT"]

1. Nf3 d5 2. d4 Nf6 3. c4 c6 4. e3 Bf5 5. Nc3 e6 6. cxd5 exd5 7. Bd2 Nbd7 8. Rc1 h6 9. Be2 Bd6 10. a3 0-0 11. 0-0 Qe7 12. Be1 Rfe8 13. Bd3 Ne4 14. Ne2 Ndf6 15. Ng3 Nxg3 16. hxg3 Ne4 17. Qc2 Bh7 18. Nh4 f5 19. b4 a6 20. Qb3 Qf7 21. Be2 g5 22. Nf3 f4 23. g4 fxe3 24. fxe3 Qe6 25. Nh2 Rf8 26. Rf3 Rae8 27. Nf1 Kg7 28. a4 Nf6 29. Bg3 Be4 30. Bxd6 Qxd6 31. Rg3 Nd7 32. Bf3 Nb6 33. Rh3 Rf7 34. Ng3 Bg6 35. b5 Nc4 36. Nf1 Be4 37. Be2 Qf6 38. Bf3 Bh7 39. bxc6 bxc6 40. Re1 Nd6 41. Ng3 Bg6 42. Qb6 Nc4 43. Qxa6 Rxe3 44. Rxe3 Nxe3 45. Qb6 Nc4 46. Qc5 Rb7 47. a5 Qd6 48. Qxd6 Nxd6 49. Be2 Ra7 50. a6 Nb5 51. Bxb5 cxb5 52. Nf5+ Bxf5 53. gxf5 Rxa6 54. Rd3 h5 55. Kf2 Kf6 56. Rb3 Rb6 57. g4 hxg4 58. Kg3 Kxf5 59. Re3 Re6 60. Rb3 Re4 61. Rxb5 Rxd4 62. Rb8 Rd3+ 63. Kg2 g3 64. Rb1 Kg4 65. Rb8 Rd2+ 66. Kg1 d4 67. Rg8 d3 68. Rd8 Rd1+ 69. Kg2 Kf4 70. Re8 Rd2+ 71. Kf1 Rf2+ 72. Kg1 Re2 73. Rd8 d2 74. Rf8+ Ke3 75. Re8+ Kd3 76. Rd8+ Kc2 77. Rc8+ Kd1 78. Rc3 Ke1 79. Rc1+ 0-1

[Event "Olympiad-37"]
[Site "Turin"]
[Date "2006.05.23"]
[Round "3"]
[White "Cawdery, Daniel"]
[Black "Borg, Andrew"]
[Result "1/2-1/2"]
[WhiteElo "2235"]
[BlackElo "2126"]
[PlyCount "31"]
[EventDate "2006.05.21"]
[EventType "team-swiss"]
[EventRounds "13"]
[EventCountry "ITA"]
[SourceTitle "CBM 113"]
[Source "ChessBase"]
[SourceDate "2006.07.31"]
[SourceVersion "1"]
[SourceVersionDate "2006.07.31"]
[SourceQuality "1"]
[WhiteTeam "South Africa"]
[BlackTeam "Malta"]
[WhiteTeamCountry "RSA"]
[BlackTeamCountry "MLT"]

1. e4 c5 2. Nf3 Nc6 3. d4 cxd4 4. Nxd4 g6 5. Nc3 Bg7 6. Be3 Nf6 7. f3 0-0 8. Bc4 Qb6 9. Bb3 Ng4 10. Nd5 Nxe3 11. Nxb6 Bxd4 12. Nxa8 Nxd1 13. Rxd1 Be5 14. 0-0 b6 15. f4 Bd4+ 16. Rxd4 1/2-1/2

[Event "Mediterranean-ch 3rd"]
[Site "Antalya"]
[Date "2006.02.04"]
[Round "6"]
[White "Al Jaabari, Omar Oussama"]
[Black "Borg, Andrew"]
[Result "0-1"]
[WhiteElo "2030"]
[BlackElo "2151"]
[PlyCount "134"]
[EventDate "2006.02.01"]
[EventType "swiss"]
[EventRounds "9"]
[EventCountry "TUR"]
[SourceTitle "CBM 110 Extra"]
[Source "ChessBase"]
[SourceDate "2006.03.10"]
[SourceVersion "2"]
[SourceVersionDate "2006.03.10"]
[SourceQuality "1"]

1. e4 c5 2. d4 cxd4 3. c3 Nf6 4. e5 Nd5 5. cxd4 e6 6. Nf3 b6 7. Be2 Bb7 8. 0-0 d6 9. Nc3 Nxc3 10. bxc3 Qc7 11. Bd2 Nd7 12. exd6 Bxd6 13. h3 0-0 14. Bd3 Bf4 15. Rc1 Bxf3 16. Bxf4 Qxf4 17. Qxf3 Qxf3 18. gxf3 Nf6 19. f4 g6 20. Kg2 Rac8 21. Rc2 Nd5 22. Kf3 Rxc3 23. Rxc3 Nxc3 24. a3 Rd8 25. Rc1 Nd5 26. Be4 Kf8 27. Bxd5 Rxd5 28. Ke4 Ra5 29. Rc3 Ke7 30. Rc7+ Ke8 31. h4 h5 32. f3 f5+ 33. Kd3 Rxa3+ 34. Kc4 Kf8 35. d5 Ra4+ 36. Kb3 Rd4 37. dxe6 Rd6 38. e7+ Ke8 39. Rxa7 Rd7 40. Ra6 Rb7 41. Kb4 Kxe7 42. Kb5 Kd6 43. Ra8 Ke6 44. Rg8 Kf7 45. Rc8 Rd7 46. Kxb6 Rd4 47. Rc7+ Kf6 48. Rc6+ Kg7 49. Rc7+ Kh6 50. Kc5 Rxf4 51. Kd5 Rxh4 52. Ke5 Ra4 53. f4 Re4+ 54. Kf6 Ra4 55. Rc8 Ra6+ 56. Ke5 Ra7 57. Kf6 Ra6+ 58. Ke5 Kg7 59. Rc7+ Kf8 60. Rc8+ Ke7 61. Rc7+ Ke8 62. Rh7 Ra4 63. Rh6 Re4+ 64. Kf6 Rxf4 65. Kxg6 Ke7 66. Kg5 Rf1 67. Kxh5 Rh1+ 0-1

[Event "Mediterranean-ch 3rd"]
[Site "Antalya"]
[Date "2006.02.04"]
[Round "5"]
[White "Borg, Andrew"]
[Black "Lamoureux, Izabelle"]
[Result "0-1"]
[WhiteElo "2151"]
[BlackElo "2033"]
[PlyCount "106"]
[EventDate "2006.02.01"]
[EventType "swiss"]
[EventRounds "9"]
[EventCountry "TUR"]
[SourceTitle "CBM 110 Extra"]
[Source "ChessBase"]
[SourceDate "2006.03.10"]
[SourceVersion "2"]
[SourceVersionDate "2006.03.10"]
[SourceQuality "1"]

1. Nf3 d5 2. c4 e6 3. d4 Nf6 4. g3 c6 5. Qc2 Bd6 6. Bg2 Nbd7 7. 0-0 0-0 8. b3 e5 9. dxe5 Nxe5 10. Bb2 Nxf3+ 11. Bxf3 dxc4 12. bxc4 Re8 13. Rd1 Qe7 14. Nd2 Be5 15. Rab1 Rb8 16. Bxe5 Qxe5 17. Qa4 Bg4 18. Qxa7 Bxf3 19. exf3 b5 20. Qa3 Rbd8 21. Nf1 Rxd1 22. Rxd1 Qe2 23. Rc1 bxc4 24. Qc3 Qxa2 25. Qxc4 Qxc4 26. Rxc4 Rc8 27. Nd2 Kf8 28. Ne4 Nd5 29. Kf1 Ke7 30. Ke2 Rc7 31. Kd3 f5 32. Nc3 Nb6 33. Rc5 g6 34. f4 Kd6 35. Ra5 Rb7 36. h4 Nd7 37. Na4 Rb3+ 38. Nc3 Rb2 39. Nd1 Rb3+ 40. Nc3 Nf6 41. Kc2 Rb7 42. Kd3 Rb2 43. Nd1 Rb3+ 44. Nc3 Nd5 45. Rxd5+ cxd5 46. Kd4 Rb4+ 47. Kd3 Kc5 48. Nd1 d4 49. f3 Rb3+ 50. Ke2 Kc4 51. g4 Rb1 52. Kd2 Rxd1+ 53. Kxd1 Kd3 0-1

[Event "Mediterranean-ch 3rd"]
[Site "Antalya"]
[Date "2006.02.03"]
[Round "4"]
[White "Mohammad, Samir"]
[Black "Borg, Andrew"]
[Result "1-0"]
[WhiteElo "2320"]
[BlackElo "2151"]
[PlyCount "177"]
[EventDate "2006.02.01"]
[EventType "swiss"]
[EventRounds "9"]
[EventCountry "TUR"]
[SourceTitle "CBM 110 Extra"]
[Source "ChessBase"]
[SourceDate "2006.03.10"]
[SourceVersion "2"]
[SourceVersionDate "2006.03.10"]
[SourceQuality "1"]

1. d4 d5 2. Nf3 Nf6 3. c4 c6 4. Nc3 dxc4 5. a4 Bf5 6. Ne5 Nbd7 7. Nxc4 Qc7 8. g3 e5 9. dxe5 Nxe5 10. Bf4 Nfd7 11. Bg2 f6 12. 0-0 Nc5 13. Bxe5 fxe5 14. Ne3 Bg6 15. Bh3 Rd8 16. Qe1 Nb3 17. Rd1 Nd4 18. Bg2 Be7 19. Be4 Bf7 20. Nf5 Nxf5 21. Rxd8+ Qxd8 22. Bxf5 0-0 23. Qb1 g6 24. Bd3 Qb6 25. Qc2 a5 26. Ne4 Rd8 27. Bc4 Rd4 28. Bxf7+ Kxf7 29. e3 Rd5 30. h4 Kg7 31. h5 Qb4 32. hxg6 hxg6 33. Rc1 Qb6 34. Kg2 Qd8 35. Qc4 Qd7 36. Rc2 Qf5 37. f3 Qd7 38. g4 Qd8 39. Qe2 Bb4 40. Qf2 Be7 41. Qg3 Bh4 42. Qh2 Bg5 43. Kf2 Bh4+ 44. Ke2 Bf6 45. Qg1 Bg5 46. Qe1 Be7 47. Qg3 Bh4 48. Qg1 Bg5 49. Qc1 Be7 50. Nc3 Rd3 51. Rd2 Rxd2+ 52. Qxd2 Qxd2+ 53. Kxd2 Kf7 54. Kd3 Ke6 55. Ke4 Bb4 56. Ne2 b5 57. b3 bxa4 58. bxa4 Bd2 59. Kd3 Bb4 60. Nc1 Kd5 61. Nb3 Be1 62. e4+ Kd6 63. Kc4 Bb4 64. Nc1 Bd2 65. Nd3 Be3 66. Kc3 Bd4+ 67. Kb3 Kc7 68. Kc4 Kb6 69. f4 Be3 70. Nxe5 Bxf4 71. Nxg6 Bg5 72. Ne5 Kc7 73. Kd3 Bh4 74. Nc4 Be1 75. e5 Kd7 76. Ke4 Ke6 77. g5 Bb4 78. g6 Bc3 79. Kf4 Bb4 80. Kg5 Bf8 81. Nxa5 c5 82. Nc4 Kd5 83. a5 Kxc4 84. a6 Kd3 85. a7 c4 86. a8Q Be7+ 87. Kf5 c3 88. Qe4+ Kd2 89. Qd4+ 1-0

[Event "Mediterranean-ch 3rd"]
[Site "Antalya"]
[Date "2006.02.02"]
[Round "3"]
[White "Borg, Andrew"]
[Black "Yagiz, Yasin Emrah"]
[Result "0-1"]
[WhiteElo "2151"]
[BlackElo "2209"]
[PlyCount "118"]
[EventDate "2006.02.01"]
[EventType "swiss"]
[EventRounds "9"]
[EventCountry "TUR"]
[SourceTitle "CBM 110 Extra"]
[Source "ChessBase"]
[SourceDate "2006.03.10"]
[SourceVersion "2"]
[SourceVersionDate "2006.03.10"]
[SourceQuality "1"]

1. Nf3 e6 2. c4 b6 3. g3 Bb7 4. Bg2 f5 5. 0-0 Nf6 6. d3 Bd6 7. Nc3 0-0 8. Bg5 h6 9. Bxf6 Qxf6 10. Qc2 Nc6 11. Nb5 Bc5 12. a3 a6 13. Nc3 a5 14. e3 g5 15. d4 Be7 16. d5 Nd8 17. dxe6 dxe6 18. Rad1 Nf7 19. Ne2 Be4 20. Qc1 g4 21. Nd2 Ng5 22. Nxe4 fxe4 23. Qc2 Nf3+ 24. Kh1 Qf5 25. Ng1 Bd6 26. Bxf3 exf3 27. Qxf5 Rxf5 28. Rd4 h5 29. h3 Rg5 30. Rfd1 a4 31. Re4 e5 32. c5 Bxc5 33. Rc4 Bd6 34. Rd5 Kf7 35. Rc2 Ke6 36. e4 Rb8 37. Rd3 b5 38. Nxf3 gxf3 39. Rxf3 b4 40. axb4 Rxb4 41. Re2 Bc5 42. Rc3 Bd6 43. Kg2 Rg8 44. Kf1 Rgb8 45. Rcc2 R8b5 46. f3 Rb3 47. Kg2 Bc5 48. g4 Bd4 49. Rc6+ Kd7 50. Rec2 Rxb2 51. Rxc7+ Ke6 52. R7c6+ Kf7 53. Rc7+ Kf6 54. Kg3 Rxc2 55. Rxc2 Rc5 56. Ra2 Ra5 57. h4 a3 58. gxh5 Bb2 59. Kg4 Ra8 0-1

[Event "BCF-chT3 0304 (4NCL)"]
[Site "West Bromwich"]
[Date "2004.01.25"]
[Round "4.4"]
[White "Borg, Andrew"]
[Black "Stevenson, James"]
[Result "1/2-1/2"]
[WhiteElo "2123"]
[BlackElo "2113"]
[PlyCount "47"]
[EventDate "2003.11.23"]
[EventType "team"]
[EventRounds "11"]
[EventCountry "ENG"]
[SourceTitle "EXT 2005"]
[Source "ChessBase"]
[SourceDate "2004.11.15"]
[SourceVersion "1"]
[SourceVersionDate "2004.11.15"]
[SourceQuality "1"]
[WhiteTeam "Nidum Liberals"]
[BlackTeam "Athenaeum"]
[WhiteTeamCountry "ENG"]
[BlackTeamCountry "ENG"]

1. c4 g6 2. Nc3 Bg7 3. g3 c5 4. Bg2 Nc6 5. Nf3 e5 6. 0-0 Nge7 7. d3 0-0 8. Nd5 d6 9. a3 h6 10. Rb1 a5 11. b3 Be6 12. Nd2 Rb8 13. Bb2 b5 14. e3 b4 15. a4 Qd7 16. Qc2 f5 17. f4 Rbe8 18. Rbe1 Kh7 19. Kh1 Ng8 20. Rg1 Nf6 21. Nxf6+ Bxf6 22. Nf3 Bg8 23. Rgf1 Re7 24. Nd2 1/2-1/2